| 000 | 00796cam a2200241 a 4500 | ||
|---|---|---|---|
| 001 | 694277 | ||
| 005 | 20180124040432.0 | ||
| 008 | 980401s1997 mau b 001 0 eng | ||
| 010 | _a 96086778 | ||
| 020 | _a0312061013 | ||
| 040 |
_aDLC _cDLC _dDLC |
||
| 041 | _aeng | ||
| 080 | _a808.042 PAC | ||
| 082 | 0 | 0 |
_a808.042 PAC _221 |
| 100 | 1 | _a47 | |
| 101 | _aEDU | ||
| 245 | 1 | 0 |
_aWriting worth reading : _cNancy Huddleston Packer, John Timpane. |
| 504 | _aIncludes bibliographical references (p. 565-566) and index. | ||
| 504 | _a"Style manuals and handbooks in various disciplines": p. 573-577. | ||
| 906 |
_a7 _bcbc _corignew _d3 _eopcn _f19 _gy-gencatlg |
||
| 942 |
_2ddc _cBK |
||
| 999 |
_c40831 _d40831 |
||